Report upon geographical and geological explorations and surveys west of the one hundredth meridian, in charge of First Lieut. Geo. M. Wheeler under the direction of Brig. Gen. A.A. Humphreys ...published by ... in six volumes, accompanied by one topographical and one geological atlas. (Record no. 153973)

MARC details
000 -LEADER
campo de control de longitud fija 01093nam a22001935i 4500
001 - NÚMERO DE CONTROL
campo de control 153973
003 - IDENTIFICADOR DE NÚMERO DE CONTROL
campo de control ES-MaACL
005 - FECHA Y HORA DE LA ÚLTIMA TRANSACCIÓN
campo de control 20230906205448.0
008 - DATOS DE LONGITUD FIJA--INFORMACIÓN GENERAL
campo de control de longitud fija 050907s1875 xxua | |||||||| ||eng d
040 ## - FUENTE DE CATALOGACIÓN
Centro catalogador/agencia de origen CAM
Lengua de catalogación spa
Centro/agencia transcriptor CAM
110 2# - ENTRADA PRINCIPAL--NOMBRE DE ENTIDAD CORPORATIVA
Nombre de entidad corporativa o nombre de jurisdicción como elemento de entrada Geographical Surveys West of the 100th Meridian (U.S.)
9 (RLIN) 140795
245 10 - MENCIÓN DEL TÍTULO
Título Report upon geographical and geological explorations and surveys west of the one hundredth meridian, in charge of First Lieut. Geo. M. Wheeler under the direction of Brig. Gen. A.A. Humphreys ...published by ... in six volumes, accompanied by one topographical and one geological atlas.
260 ## - PUBLICACIÓN, DISTRIBUCIÓN, ETC.
Lugar de publicación, distribución, etc. Washington :
Nombre del editor, distribuidor, etc. Government Printing Office,
Fecha de publicación, distribución, etc. 1875.
300 ## - DESCRIPCIÓN FÍSICA
Extensión 15, p. 303-508 :
Otras características físicas il. ;
Dimensiones 30 cm.
500 ## - NOTA GENERAL
Nota general Precede al tít.: Engineer Department, United States Army.
505 8# - NOTA DE CONTENIDO CON FORMATO
Nota de contenido con formato Contiene: Part IV, [Colorado] Vol. III Geology,
650 #4 - PUNTO DE ACCESO ADICIONAL DE MATERIA--TÉRMINO DE MATERIA
Término de materia o nombre geográfico como elemento de entrada Geología-
Subdivisión geográfica Colorado.
9 (RLIN) 140797
852 ## - LOCALIZACIÓN
Ubicación ES-MaACL
Número de control de estantería T-1087-F-1
Nota libre -- Enc. hol.
-- -- Legado de Federico de Botella y de Hornos
-- -- Dedicatoria de J.J. Stevenson a Federico de Botella y de Hornos
-- -- Enc. en un vol. facticio
Holdings
Estatus retirado Estado de pérdida Estado de daño No para préstamo Colección Biblioteca de origen Biblioteca actual Ubicación en estantería Fecha de adquisición Total de préstamos Signatura topográfica completa Código de barras Visto por última vez Precio de reemplazo Tipo de ítem Koha
        Colección de folletos Biblioteca del Ateneo de Madrid Biblioteca del Ateneo de Madrid Depósito folletos 17/01/2008   T-1087-F-1 1160986 23/02/2023 23/02/2023 Folleto